| 000 | 00522nam a2200193Ia 4500 | ||
|---|---|---|---|
| 005 | 20230503110901.0 | ||
| 008 | 131103s9999 xx 000 0 und d | ||
| 040 | _aLoreto College | ||
| 041 | _aEnglish | ||
| 082 |
_a823.8 _bGAS-MUL |
||
| 100 | _aGaskell,Elizabeth Cleghron | ||
| 245 |
_aCranford _cElizabeth Cleghron; introduction by J.T. Mulley |
||
| 260 |
_aLondon _bCollins _cxiii,317 p. |
||
| 300 | _a[19 - ?] | ||
| 440 | _aThe Laurel and Gold Series | ||
| 700 | _aMulley,J.T. | ||
| 850 | _aLCLIB | ||
| 942 | _cBK | ||
| 999 |
_c4949 _d55428 |
||